Gobernabilidad, crisis y cambio : elementos para el estudio de la gobernabilidad de los sistemas políticos en épocas de crisis y cambio /
Uloženo v:
| Hlavní autor: | |
|---|---|
| Médium: | Kniha |
| Jazyk: | španělština |
| Vydáno: |
México :
Fondo de Cultura Económica,
1995, c1995
|
| Edice: | (Sección de Obras de Política y Derecho)
|
| Témata: | |
| Tagy: |
Žádné tagy, Buďte první, kdo vytvoří štítek k tomuto záznamu!
|
MARC
| LEADER | 00000nam^a2200000^a^4500 | ||
|---|---|---|---|
| 001 | 000051842 | ||
| 005 | 20250521000000.0 | ||
| 009 | 20260310090334.954 | ||
| 020 | |a 968-16-4423-9 | ||
| 037 | |a Acervo ITESO - Biblioteca | ||
| 041 | |a ESP | ||
| 082 | |a 320. 011 |b ALC | ||
| 100 | |a Alcántara Sáez, Manuel |e (autor) | ||
| 245 | 1 | 0 | |a Gobernabilidad, crisis y cambio : |b elementos para el estudio de la gobernabilidad de los sistemas políticos en épocas de crisis y cambio / |c M. Alcántara Sáez. |
| 264 | 4 | |a México : |b Fondo de Cultura Económica, |c 1995, c1995 | |
| 300 | |a 259 p. | ||
| 336 | |a texto |b txt |2 rdacontenido | ||
| 337 | |a sin mediación |b n |2 rdamedio | ||
| 338 | |a volumen |b nc |2 rdasoporte | ||
| 440 | 1 | |a (Sección de Obras de Política y Derecho) | |
| 649 | |a XX | ||
| 650 | |a Gobernabilidad | ||
| 650 | |a Crisis Política | ||
| 650 | |a Transición Política | ||
| 650 | |a Estabilidad Política | ||
| 650 | |a Democracia | ||
| 650 | |a Sistema Político | ||
| 650 | |a Estado de Bienestar | ||
| 650 | |a Caída del Socialismo | ||
| 650 | |a Política | ||
| 910 | |a Fondo General | ||
| 920 | |a Impresos - Libros | ||
| 930 | |a Colección General | ||
| 905 | |a 101 | ||
| 901 | |a 0500009072 |b IT1 |c ACC |u 20250521 | ||
| 901 | |a 0500009076 |b IT1 |c ACC |u 20250521 | ||
| 902 | |a https://opac.biblio.iteso.mx/vufind/Record/000051842 | ||